000 00879cam a22002653a 4500
001 1283
003 PGUSA
005 20140828082959.0
008 980401s1998||||xxu|||||s|||||000 1 eng d
040 _aPGUSA
_beng
042 _adc
050 4 _aPZ
100 1 _aAppleton, Victor
245 1 0 _aTom Swift and His Wizard Camera; Or, Thrilling Adventures While Taking Moving Pictures
_h[electronic resource] /
_cVictor Appleton
260 _bProject Gutenberg,
_c1998
506 _aPublic domain in the USA.
516 _aElectronic text
653 _aAdventure and adventurers -- Juvenile fiction
653 _aMotion pictures -- Juvenile fiction
653 _aCinematography -- Juvenile fiction
653 _aSwift, Tom (Fictitious character) -- Juvenile fiction
830 0 _aProject Gutenberg
_v1283
856 4 0 _uhttp://www.gutenberg.org/ebooks/1283
942 _cEB
999 _c230631
_d230631